000 00708nam a2200217 4500
001 121616
003 ES-MaACL
005 20230906191803.0
007 t|
008 070214s1964 sp r ||||1| spa d
110 2 _aMovimiento Nacional (España).
_bDelegación Nacional de Prensa, Propaganda y Radio.
_95783
245 1 0 _aPlataforma nacional del crecimiento económico.
260 _aMadrid :
_bEdiciones del Movimiento,
_c1964.
300 _a174 p. ;
_c22 cm.
490 1 _aNuevo horizonte
651 0 _aEspaña-
_xPolítica económica-
_y1955-1975.
_98408
710 2 _aEdiciones del Movimiento.
_9171800
830 1 _aNuevo horizonte
_9181183
852 _aES-MaACL
_jC-25763
999 _c121616
_d121616